00915nam a2200229 i 4500001000700000003000900007005001700016007000300033008004100036100002900077245017500106260004100281300003000322650004000352700002700392700003000419700003500449700003800484852002200522999001900544952012200563127320ES-MaACL20250815113044.0t|070214s1968 sp |||| | spa d1 aRichards, John H.99692010aElementos de química orgánica / cJohn H. Richards, Donald J. Cram, George S. Hammond ; traducción y adaptación, J.A. Alonso Folgueras, F. J. Aguilar Bartolomé. aMadrid : bEd. del Castillo, c1968. a476 p. : bil. ; c23 cm. 7aQuímica orgánica2embne91367991 aCram, Donald J.9414331 aHammond, George S.9616821 aAlonso Folgueras, J. A.9203131 aAguilar Bartolomé, F. J.918711 aES-MaACLjC-34569 c127320d127320 00104070aATENEOMbATENEOMcDEPO2d2008-01-17eSCl0oC-34569p1132612r2023-02-23 00:00:00w2023-02-23yMONOGRAFIA